000 00474nam a2200169Ia 4500
999 _c27398
_d27398
003 OSt
005 20201204094617.0
008 190216s9999||||xx |||||||||||||| ||und||
040 _coclc
082 _a894.8123
_bKES/U
100 _aKesavadev, P
_96490
245 0 _aUlakka /
_cP Kesavadev
260 _bPoorna Publications,
_c1996.
_a Kozhikode:
300 _a55p
650 _aMalayalam Novel
942 _cBK
_2ddc
_h894.8123
_iKES/U
_k894.8123
_mKES/U